| 000 | 01306cam a22002891i 4500 | ||
|---|---|---|---|
| 003 | SA-RiAUC | ||
| 005 | 20250523161733.0 | ||
| 008 | 250521s1981 ku g b 00000 ara c | ||
| 040 |
_aSA-RiAUC _bara _cSA-RiAUC _erda |
||
| 082 | 0 | 4 |
_a237.3 _qSA-RiAUC |
| 090 |
_a237.3 _bا ب ن ق |
||
| 100 | 1 |
_aابن قيم الجوزية، محمد بن أبي بكر بن أيوب، _d691-751 هجري _eمؤلف. |
|
| 245 | 1 | 0 |
_aجلاء الإفهام في الصلاة والسلام على خير الأنام / _cتأليف محمد بن أبي بكر بن أيوب بن قيم الجوزية ؛ تحقيق طه يوسف شاهين. |
| 250 | _aالطبعة الثانية. | ||
| 264 | 1 |
_aالكويت : _bوكالة المطبوعات للنشر، _c1981 |
|
| 300 |
_a278 صفحة ؛ _c24 سم |
||
| 336 |
_aنص _btxt _2rdacontent _3كتاب |
||
| 337 |
_aبدون وسيط _bn _2rdamedia |
||
| 338 |
_aمجلد _bnc _2rdacarrier |
||
| 504 | _aيشتمل على إرجاعات ببليوجرافية. | ||
| 590 | _aعبد المنعم. | ||
| 650 | 7 |
_aالأدعية والأوراد _2aucsh |
|
| 650 | 7 |
_aالصلاة على النبي (صلى الله عليه وسلم) _2aucsh |
|
| 700 | 1 |
_aشاهين، طه يوسف _eمحقق. |
|
| 942 |
_2ddc _cBOOK _n0 |
||
| 949 |
_aSA-JeALM _d250521 _umohamedma123 _n1 |
||
| 999 |
_c8289 _d8289 |
||